000 00444nam#a2200181#c#4500
003 IEF
005 20180219172128.0
008 950601s1918 uuu####fr####| 0||u| |u
040 _aIEF
100 1 _aCharles Brun, Jean
_910019
245 _aEl Regionalismo
260 _aMadrid
_b Libreria EspaƱola y Extranjera
_c1918
300 _a273 p.
_c 22 cm.
650 4 _aREGIONALISMO
_948228
942 _cLIB
942 _z64611
999 _c119423
_d119423